Statistiques concernant Italien - Verbe irrégulier (Andare)

Cliquez ici pour prendre le quiz!

Statistiques générales

  • Ce quiz a été pris 6 fois
  • Le résultat moyen est 28 sur 49

Statistiques - réponses

Tempo - PersonaConiugazione% Correct
voiandate
100%
noiandiamo
100%
lui/leiva
100%
iovado
100%
tuvai
100%
lorovanno
100%
voiandate
67%
io (maschile)andato
67%
lui/leiandava
67%
noiandavamo
67%
loroandavano
67%
voiandavate
67%
tuandavi
67%
ioandavo
67%
noiandiamo
67%
lui/leiandrà
67%
loroandranno
67%
lui/leiandrebbe
67%
ioandrei
67%
noiandremmo
67%
noiandremo
67%
tuandresti
67%
voiandrete
67%
ioandrò
67%
tuva'/vai/va
67%
noiandiamo
50%
tuandrai
50%
loroandrebbero
50%
voiandreste
50%
iovada
50%
lui/leivada
50%
tuvada
50%
lorovadano
50%
ioandai
33%
noiandammo
33%
io (maschile)andando
33%
loroandarono
33%
lui/leiandasse
33%
loroandassero
33%
ioandassi
33%
tuandassi
33%
noiandassimo
33%
voiandaste
33%
voiandaste
33%
tuandasti
33%
voiandiate
33%
lui/leiandò
33%
lui/leivada
33%
lorovadano
33%

Distribution des résultats

Percentile par nombre de réponses

% des personnes avec chaque résultat

Votre développement - résultats

Vous n’avez pas pris ce quiz